[Event "POL-chT 66th"]
[Site "Katowice"]
[Date "2010.09.12"]
[Round "9"]
[White "Rutkowski, Maciej"]
[Black "Bobras, Piotr"]
[Result "1/2-1/2"]
[WhiteElo "2402"]
[BlackElo "2535"]
[Annotator "RR"]
[PlyCount "27"]
[EventDate "2010.09.04"]
[EventType "team-tourn"]
[EventRounds "9"]
[EventCountry "POL"]
[SourceTitle "EXT 2016"]
[Source "ChessBase"]
[SourceDate "2015.10.08"]
[SourceVersion "1"]
[SourceVersionDate "2015.10.08"]
[SourceQuality "1"]
[WhiteTeam "Gorzow Wielkopolski"]
[BlackTeam "Katowice Szopienice"]
[WhiteTeamCountry "POL"]
[BlackTeamCountry "POL"]

1. d4 Nf6 2. c4 g6 3. Nc3 d5 4. cxd5 Nxd5 5. e4 Nxc3 6. bxc3 Bg7 7. Bc4 c5 8.
Ne2 Nc6 9. Be3 cxd4 10. cxd4 Qa5+ 11. Bd2 Qd8 12. Be3 (12. Bc3 O-O 13. O-O Bd7
14. Rb1 b6 15. Qd2 Rc8 16. Rbc1 e6 17. h3 Rc7 18. Bb3 Bc8 19. d5 exd5 20. Bxg7
Kxg7 21. exd5 Ne5 22. d6 Rxc1 23. Rxc1 Qf6 24. Rc7 Be6 25. Bxe6 Qxe6 26. Qd4
Qf6 27. f4 Re8 28. fxe5 Rxe5 29. d7 {1-0 (29) Le,Q (2712)-Mamedyarov,S (2753)
Khanty-Mansiysk 2013}) 12... Qa5+ 13. Bd2 Qd8 14. Be3 1/2-1/2

[Event "Olympiad-31"]
[Site "Moscow"]
[Date "1994.12.05"]
[Round "5.4"]
[White "Seirawan, Yasser"]
[Black "Leko, Peter"]
[Result "1/2-1/2"]
[WhiteElo "2585"]
[BlackElo "2555"]
[Annotator "Shipov,S"]
[PlyCount "56"]
[EventDate "1994.12.01"]
[EventType "team-swiss"]
[EventRounds "14"]
[EventCountry "RUS"]
[SourceTitle "CBM 045"]
[Source "ChessBase"]
[SourceDate "1995.04.01"]
[SourceVersion "1"]
[SourceVersionDate "1995.04.01"]
[SourceQuality "1"]
[WhiteTeam "US of America"]
[BlackTeam "Hungary"]
[WhiteTeamCountry "USA"]
[BlackTeamCountry "HUN"]

1. d4 Nf6 2. c4 g6 3. Nc3 d5 4. cxd5 Nxd5 5. e4 Nxc3 6. bxc3 Bg7 7. Bc4 O-O 8.
Ne2 b6 (8... c5) 9. h4 Nc6 (9... Ba6) (9... Bb7) 10. h5 (10. Bd5 $5 Qd7 (10...
Bb7) 11. h5 e6 12. Bb3 Ba6 13. hxg6 hxg6 14. Nf4 Rfe8 15. Nxe6 fxe6 16. Qg4 $40
{Cramling,P-Kindermann,S/Hamburg/1991/}) (10. e5 $5 Na5 11. Bd3 c5 12. h5 cxd4
13. cxd4 Bg4 14. Be4 Rc8 15. f3 Be6 16. Nf4 $36 {Vaiser,A-Chekhov,V/Sochi/1983/
}) 10... Na5 11. Bd3 e5 (11... c5 12. hxg6 hxg6 13. Bh6 $14) 12. hxg6 (12. Be3
Qe7 13. Qd2 exd4 14. Bxd4 Bb7 15. e5 (15. hxg6 $5 Bxe4 16. gxf7+ Rxf7 $13)
15... Bxg2 16. Rg1 Bf3 17. Ng3 Qd7 $1 $15 {Dreev,A-Adorjan,A/Alushta/1994/})
12... fxg6 (12... hxg6 13. Bh6 $36) 13. Be3 Qe7 (13... exd4 14. cxd4 c5 15. d5
Bxa1 16. Qxa1 Nc6 17. a3 $1 Qd6 18. f4 Bg4 19. Qa2 Nd4 20. e5 $16 {Timman,
J-Adorjan,A/London/1975/}) 14. Rc1 c6 (14... Be6 15. d5 Bd7 16. c4 $16) 15. O-O
$1 {N/} (15. f4 $6 exf4 16. Nxf4 Bf5 $1 17. Qf3 Bxe4 18. Qxe4 Qxe4 19. Bxe4
Rae8 20. Bxc6 Nxc6 21. Kd2 Rf5 $15 {Tarjan,J-Adorjan,A/Hastings/1976/}) 15...
Be6 16. f4 Nc4 $1 (16... exf4 17. Nxf4 Nc4 (17... Bc4 18. e5 $16) 18. Nxe6
Rxf1+ (18... Nxe3 19. Rxf8+ Rxf8 20. Qb3 $16) 19. Bxf1 Nxe3 20. Qb3 $16) 17.
Bxc4 $8 Bxc4 18. fxe5 (18. dxe5 $2 Rad8 19. Qe1 Bd3 $1 $15) 18... Rxf1+ 19.
Qxf1 Rf8 (19... Bd3 $5 20. Qd1 $1 (20. Qf3 Rf8) 20... Bxe4 21. Ng3 Qh4 (21...
Bd5 22. c4) 22. Nxe4 Qxe4 $10) 20. Qe1 Qe6 $146 (20... Bxa2 21. c4 $16) (20...
Bd3 21. Ng3 Qh4 22. Rd1 Bxe4 23. Bg5 Qxg5 24. Nxe4 $14) 21. Nf4 Qg4 22. Qd2 g5
(22... Bh6 23. Nh3 $1) 23. Nh3 h6 24. Re1 (24. Nf2 Qg3 $132) 24... Qh4 (24...
Qxe4 25. Bxg5 $16) 25. Bf2 Qh5 26. Bg3 Qg4 27. Kh2 Qh5 28. Kg1 Qg4 $10 1/2-1/2

[Event "Brno Morava-A"]
[Site "Brno"]
[Date "1991.??.??"]
[Round "4"]
[White "Shirov, Alexei"]
[Black "Stohl, Igor"]
[Result "0-1"]
[WhiteElo "2610"]
[BlackElo "2555"]
[Annotator "Stohl,I"]
[PlyCount "120"]
[EventDate "1991.09.??"]
[EventType "tourn"]
[EventRounds "9"]
[EventCountry "CSR"]
[EventCategory "13"]
[SourceTitle "CBM 026"]
[Source "ChessBase"]
[SourceDate "1992.02.01"]
[SourceVersion "1"]
[SourceVersionDate "1992.02.01"]
[SourceQuality "1"]

1. d4 Nf6 2. c4 g6 3. Nc3 d5 4. cxd5 Nxd5 5. e4 Nxc3 6. bxc3 Bg7 7. Bc4 O-O 8.
Be3 Nc6 9. Nf3 e5 10. d5 {N} (10. Rc1 {Knaak,R-Stohl,I,Dortmund-A 1991,CBM 23})
(10. h3 $5 {Christiansen,L-Kindermann,S,Munich 1991,CBM 23}) 10... Na5 11. Be2
b6 12. c4 (12. O-O $5 f5 13. c4 {/\} c6 $6 14. Bd2 $1 fxe4 15. Ng5 cxd5 16.
cxd5 $16) 12... Nb7 13. Nd2 (13. c5 $6 Nxc5 14. Bxc5 bxc5 15. Rc1 Qd6 {/\} 16.
Qc2 Bh6 $36) (13. O-O $142 $13) 13... Bd7 (13... f5 $5 14. Nb3 (14. f3 Bh6 $1
$15) 14... Qh4 $132) 14. Rc1 c5 (14... Nc5 15. Bxc5 bxc5 16. Nb3 Qe7 17. Qd2
Ba4 18. Qa5 Bxb3 19. axb3 $14 {׫}) (14... Qe7 $5 15. Nb3 (15. c5 Nxc5 16. Bxc5
bxc5 17. Nb3 Ba4 $13) 15... c5 $5 $13 {פb3}) 15. O-O Nd6 16. a4 {/\a5->} a5 $8
17. Rb1 Rb8 $13 18. Bd3 f5 19. exf5 (19. f3 $6 f4 20. Bf2 g5 $40) 19... gxf5
20. f3 $8 (20. f4 $2 e4 21. Bc2 Bd4 $17) 20... Qe7 (20... Qf6 21. Kh1 {/\g4|^})
21. Re1 Kh8 22. Bf2 Bf6 23. Kh1 Qg7 24. Qc2 (24. Bc2 $5 Rg8 25. Rg1 $13 {/\Qe2}
) 24... Rg8 25. Bf1 Bg5 (25... h5 $5 $132) 26. Bg3 f4 $6 (26... Bf6 $142 $13 {
/\h5-h4}) 27. Bf2 Bf5 28. Ne4 (28. Bd3 $4 Bh4 $19) 28... Bxe4 29. fxe4 (29.
Rxe4 $5 Nxe4 30. Qxe4 $146) 29... Qf6 (29... Qh6 30. Rb3 $1 $16 {/\Rh3}) 30.
Qc3 $1 {><e5} (30. Rb3 Bh4 31. Bxh4 (31. g3 fxg3 32. hxg3 Rbf8 $40) 31... Qxh4
32. Reb1 Rg6 $36) 30... Rge8 31. Qh3 {/\Qd7} Rb7 $1 32. Rb3 (32. Rb2 $5 $14 {
><g2}) 32... Qg6 33. Bd3 Bd8 34. g3 $6 $138 (34. Qf3 {/\Reb1,Be1-c3+/=}) 34...
Rf7 $132 35. gxf4 Rxf4 36. Bg3 Nxe4 $5 (36... Rg4 37. Rbb1 $1 $14 {/\} Nxe4 $2
38. Rxe4 Rxe4 39. Qg2 $18) 37. Rxe4 (37. Bxf4 $4 Nf2#) (37. Qg2 Nxg3+ 38. hxg3
Qh5+ $17) 37... Rxe4 38. Qg2 Rd4 $8 (38... Qh5 $4 39. Qxe4 Qd1+ 40. Kg2 Qxb3
41. Qxh7#) 39. Bxg6 Rd1+ 40. Qg1 Rxg1+ 41. Kxg1 hxg6 42. Kf2 $146 e4 (42... Kg7
43. Ke3 e4 $8 (43... Kf6 44. Ke4 $16 {_|_}) 44. Rb1 {-42...e4}) 43. Ke3 Kg7 44.
Rb1 (44. Bf4 Kf6 $132) 44... Bg5+ 45. Ke2 (45. Bf4 Bxf4+ (45... Bd8 $5 $13) 46.
Kxf4 e3 47. Re1 Kf6 $1 (47... e2 48. Kf3 Rh8 49. Rxe2 Kf7 50. Kg4 $1 $16 {
/\h4,Re6}) 48. Rxe3 g5+ 49. Kf3 Rh8 50. Re6+ Kf5 51. Rxb6 Rh4 $10 {<=>}) 45...
e3 $5 (45... Kf6 $2 46. Rxb6+ Kf5 47. Rc6 Bf4 48. Rxc5 $16) (45... Bd8 $5 $10 {
Shirov}) 46. Rxb6 (46. Kf3 e2 47. Re1 (47. Bf2 Bd2 48. Be1 Bb4 $1 $17) 47...
Re3+ $15) (46. Kd3 e2 47. Bf2 $8 Rh8 48. Bg3 Re8 $10) (46. h4 $5 Bd8 47. Kf3 g5
$10 {<=>}) 46... Re4 47. Rb7+ $6 (47. Ra6 Rxc4 48. Rxa5 Rc2+ 49. Kf3 $10) 47...
Kf6 48. Bc7 $2 (48. d6 Rxc4 49. d7 Ke7 $15) (48. h4 $5 Bxh4 49. Bxh4+ Rxh4 50.
Kxe3 Rxc4 51. Rb5 Rxa4 52. Rxc5 Ke5 53. d6+ $1 Kxd6 54. Rg5 $10) 48... Kf5 $1
$17 (48... Rxc4 49. Bd8+ Kf5 50. Rf7+ Kg4 51. h3+ Kh5 52. Rh7+ Bh6 53. h4 Rc2+
54. Kf3 e2 (54... Rf2+ 55. Kg3 {/\Bg5+-}) 55. Kf2 $18 {/\Bg5}) 49. Bxa5 Rxc4
50. d6 Rxa4 51. Bc3 Ra3 $2 $138 (51... Rh4 $5 $17) (51... Ke4 $1 52. d7 Ra2+
53. Rb2 (53. Bb2 c4 54. Kd1 Kf3 $19) 53... Ra7 54. Rb5 Kd5 55. Bb4 Rc7 $17) 52.
Bb2 Ra6 (52... Ra2 53. Kf3 $1 {/\} (53. d7 $6 Ke4 $1 54. Rb8 c4 $17) 53... e2
$6 54. Kxe2 Bf6 55. d7 Bxb2 56. d8=Q Bf6+ 57. Qd2 $1 $10) 53. d7 Rd6 54. Bc1
Ke6 55. Bxe3 $6 (55. Rc7 Rxd7 (55... Rd5 56. Bxe3 Re5 57. d8=N+ $1 $10) 56.
Rxc5 $10) 55... Bxe3 56. Kxe3 Rxd7 57. Rb8 (57. Rb6+ $142 $5 Rd6 (57... Kf5 58.
Rc6 $132) 58. Rb8 $15) 57... Rh7 58. Re8+ $2 $138 (58. Rg8 $8 Rh3+ 59. Ke4 $8
Rh4+ 60. Ke3 Kf5 61. Rf8+ $8 (61. Rc8 Rh3+ $19) 61... Kg4 62. Rf2 $15) 58...
Kd5 59. Rd8+ (59. Rg8 Rh3+ 60. Kf4 Rxh2 61. Rxg6 Kd4 $19) 59... Kc4 60. Rd2 (
60. Rg8 Rxh2 61. Rxg6 Kc3 $19) 60... Kb3 (60... Kb3 61. Kf4 c4 62. Kg5 c3 $19 {
[Stohl,I]}) 0-1

[Event "Dortmund-A"]
[Site "Dortmund"]
[Date "1991.??.??"]
[Round "6"]
[White "Knaak, Rainer"]
[Black "Stohl, Igor"]
[Result "0-1"]
[WhiteElo "2515"]
[BlackElo "2550"]
[Annotator "Stohl,I"]
[PlyCount "64"]
[EventDate "1991.03.23"]
[EventType "tourn"]
[EventRounds "9"]
[EventCountry "GER"]
[EventCategory "12"]
[SourceTitle "CBM 023"]
[Source "ChessBase"]
[SourceDate "1991.08.01"]
[SourceVersion "1"]
[SourceVersionDate "1991.08.01"]
[SourceQuality "1"]

1. d4 {Ftacnik} Nf6 2. c4 g6 3. Nc3 d5 4. cxd5 Nxd5 5. e4 Nxc3 6. bxc3 Bg7 7.
Bc4 O-O 8. Be3 Nc6 $5 (8... c5 9. Ne2 {D86-89}) 9. Nf3 (9. Ne2 e5 10. Rc1 Qe7
11. Bd3 {Ionescu,Co-Stohl,I,Stara Zagora (zt) 1990-CBM 17} f5 $5 $13) 9... e5
10. Rc1 (10. d5 $5 Na5 11. Be2 f5 $132) 10... Bg4 11. d5 Na5 12. Be2 (12. Bd3 {
Ftacnik} c6 13. c4 b5 14. dxc6 Bxf3 15. gxf3 b4 16. Bc5 Nxc6 17. Bxf8 Bxf8 $44)
12... Bxf3 13. gxf3 {N} (13. Bxf3 Nc4 14. Bc5 Re8 15. Qd3 Bh6 16. Rc2 b6 $5 (
16... b5) 17. Qxc4 bxc5 $146 {Korchnoi,V-Ftacnik,L,Beersheva 1990-CBM 17} (
17... bxc5 {Ftacnik} 18. Qxc5 $14 {Kortchnoi,V-Ftacnik,L/Beersheba/1990/ ->CBM
17})) 13... b6 $5 {/\ Nb7-d6,f5|^} 14. Ba6 $8 (14. f4 $6 Qh4 15. Qd2 Rae8 $17)
(14. h4 Bf6 $36) 14... Qh4 (14... Rb8 $6 15. c4 Nb7 (15... c5 $5 $13) 16. Bxb7
Rxb7 17. c5 bxc5 18. Rxc5 $14) 15. Qd2 $6 (15. O-O f5 $40) (15. c4 $5 c5 $1 $13
(15... f5 16. c5 fxe4 17. d6 cxd6 18. cxd6 $146)) 15... f5 16. exf5 gxf5 $6 (
16... Nc4 $5 17. Bxc4 Qxc4 18. fxg6 Rad8 19. gxh7+ Kh8 20. Rd1 Rxf3 21. Rg1 $13
) (16... Rxf5 $1 17. d6 c6 $1 {/\Nc4} (17... Rd8 18. Bg5 $3 (18. dxc7 Rxd2 $15
(18... Rxd2 {Ftacnik} 19. c8=Q+ Rd8)) 18... Rxg5 19. dxc7 Rxd2 20. c8=Q+ Bf8
21. Kxd2 Qxf2+ 22. Be2 $16) 18. c4 Rxf3 19. d7 $2 Rxe3+ 20. Qxe3 Bh6 21. Qxe5
Bxc1 22. Qe8+ Kg7 23. Qxa8 Qe4+ 24. Kd1 Qxh1+ 25. Kc2 Bg5 $19) 17. Bg5 Qh5 18.
Rg1 Kh8 19. d6 $8 (19. Qe3 $2 Rae8 20. Bb5 h6 $1 21. Bxe8 Rxe8 $19) 19... cxd6
20. Qxd6 Rf7 (20... Qxf3 21. Be7 (21. Bh6 $5 Qe4+ 22. Kf1 Bxh6 23. Qxh6 Rf7 24.
Qe6 Raf8 25. Re1 $10) 21... Qe4+ 22. Kf1 Nc4 $5 (22... Rf7 23. Qe6 $16) 23.
Bxf8 Ne3+ $1 (23... Nxd6 24. Bxg7+ Kg8 25. Bxe5+ Kf7 26. Bxd6 $16) 24. Ke2 (24.
fxe3 $2 Qf3+ 25. Ke1 Qxe3+ $19) 24... Nc4+ 25. Kf1 $10) 21. Qe6 (21. Be2 $6
Qxh2) 21... Raf8 22. Be2 $6 (22. Rd1 e4 $1 23. Rd8 Bxc3+ 24. Kd1 (24. Bd2 Bxd2+
25. Rxd2 Qxh2 $17) 24... Qg6 $5 $15 (24... Qxf3+ 25. Be2 Qxf2 26. Bf6+ $1 Bxf6
27. Rxf8+ Rxf8 28. Rg8+ Rxg8 29. Qxf6+ Rg7 30. Qd8+ $10)) (22. Rg3 $5 {Knaak}
h6 $13 (22... Nb7 $5 $13) (22... e4 23. f4 $132) (22... e4 $13 {Ftacnik}))
22... Qxh2 23. Rg3 $2 (23. Kf1 $8 Nb7 (23... Qh3+ $10) 24. Be7 Qh6 $17) (23.
Kd2 Qxf2 24. Rcf1 Qc5 $19) 23... f4 24. Rg4 h5 $1 $19 25. Rh4 Qg1+ 26. Kd2 Qxg5
27. Rch1 Qf6 28. Rxh5+ Kg8 29. Qg4 Rd8+ 30. Kc2 Kf8 31. Rg5 e4 32. Kb1 Qxc3 {
[Stohl]} 0-1

[Event "Dortmund-A"]
[Site "Dortmund"]
[Date "1991.??.??"]
[Round "6"]
[White "Razuvaev, Yuri S"]
[Black "Kindermann, Stefan"]
[Result "1-0"]
[WhiteElo "2585"]
[BlackElo "2515"]
[Annotator "Stohl,I"]
[PlyCount "67"]
[EventDate "1991.03.23"]
[EventType "tourn"]
[EventRounds "9"]
[EventCountry "GER"]
[EventCategory "12"]
[SourceTitle "CBM 023"]
[Source "ChessBase"]
[SourceDate "1991.08.01"]
[SourceVersion "1"]
[SourceVersionDate "1991.08.01"]
[SourceQuality "1"]

1. d4 {Ftacnik} Nf6 2. c4 g6 3. Nc3 d5 4. cxd5 Nxd5 5. e4 Nxc3 6. bxc3 Bg7 7.
Bc4 O-O 8. Ne2 b6 9. Bg5 $5 {N} Bb7 10. f3 Nc6 11. Qd2 Qd7 12. Bh6 Rad8 $2 (
12... Na5 13. Bd3 Bxh6 $5 14. Qxh6 e5 (14... c5 $5 15. e5 cxd4 16. Nf4 $2 Qc7
$1 $17) 15. Rd1 (15. h4 c5 $13) 15... Qe7 $132) 13. h4 Na5 14. Bd3 e5 $8 15.
Bxg7 Kxg7 16. h5 Qe7 (16... c5 $2 17. hxg6 fxg6 18. Qh6+ Kg8 19. dxe5 $16) 17.
hxg6 fxg6 18. Qh6+ (18. dxe5 Kh8 $132) 18... Kg8 19. Rd1 Rf7 20. O-O $1 {
/\21.de5 Qe5? 22.Bc4} Rff8 (20... c5 {Ftacnik} 21. dxe5 Qxe5 $2 22. Bc4 $1) 21.
Qe3 c5 (21... Bc8 $5) 22. dxe5 Qxe5 23. f4 Qe7 24. Ng3 Kh8 25. e5 {[+]|^B} Bd5
(25... Nc6 26. Ne4 $16) 26. f5 gxf5 27. Nxf5 Qe6 28. Nh6 Qe7 29. Rde1 Be6 30.
Rf6 $2 $138 (30. Bf5 Bxf5 (30... Nc4 31. Qh3 $36) 31. Rxf5 Rxf5 32. Nxf5 Qe6
33. Qg5 Rg8 34. Qf6+ Qxf6 35. exf6 Rf8 36. f7 $1 $18) 30... Rxf6 31. exf6 Qxf6
32. Rf1 (32. Qxe6 Qxe6 33. Rxe6 Rxd3 $17) (32. Bb1 Bc4 (32... Rd6 $5) 33. Qe7
Qxe7 34. Rxe7 Bg8 $10) 32... Qxc3 $2 $138 (32... Rxd3 $1 33. Qxd3 Qxh6 34. Qd8+
Bg8 35. Rf8 Qg7 36. Rxg8+ Qxg8 37. Qf6+ $10) 33. Qxe6 Qd4+ 34. Rf2 {[Stohl]}
1-0

[Event "Dov Porath Memorial"]
[Site "Givataim"]
[Date "1998.06.01"]
[Round "5"]
[White "Kaspi, Alexander"]
[Black "Mikhalevski, Victor"]
[Result "1-0"]
[WhiteElo "2525"]
[BlackElo "2545"]
[Annotator "Tsesarsky,I"]
[PlyCount "75"]
[EventDate "1998.05.10"]
[EventType "swiss"]
[EventRounds "7"]
[EventCountry "ISR"]
[SourceTitle "CBM 065"]
[Source "ChessBase"]
[SourceDate "1998.08.06"]
[SourceVersion "1"]
[SourceVersionDate "1998.08.06"]
[SourceQuality "1"]

1. d4 Nf6 2. c4 g6 3. Nc3 d5 4. cxd5 Nxd5 5. e4 Nxc3 6. bxc3 Bg7 7. Bc4 c5 8.
Ne2 Nc6 9. Be3 cxd4 10. cxd4 Qa5+ 11. Bd2 Qd8 (11... Qa3 12. Rb1 O-O 13. O-O
Bg4 14. f3 Nxd4 (14... Be6 15. Bc1 Qd6 (15... Qa5 16. Bxe6 fxe6 17. Rxb7 $16 {
1-0 Smejkal,J-Malich,B/Luhacovice 1973 (41)}) 16. Bxe6 fxe6 17. e5 Qd5 18. Be3
Qxa2 19. Rxb7 Rab8 20. Nc1 Qa6 21. Rxb8 Rxb8 22. Qd3 $11 {1/2-1/2 Bozic,
A-Linert/corr 1967 (34)}) 15. Nxd4 (15. fxg4 Qc5 16. Be3 (16. Bxf7+ Rxf7 17.
Rxf7 Nxe2+ 18. Kh1 Kxf7 19. Qxe2 b6 (19... Qc6 20. Qf3+ Kg8 21. Qb3+ e6 22. Qd3
$15 (22. Qxb7 Qxb7 23. Rxb7 Rd8 $19)) 20. Rc1 Qd6 21. Qf3+ Kg8 22. e5 Qd8 23.
e6 Qf8 24. Rc7 $14) 16... Qxc4 17. Nxd4 Rad8 18. Rc1 Qa6 (18... Bxd4 19. Rxc4
Bxe3+ 20. Kh1 Rxd1 21. Rxd1 $16) 19. e5 $5 Bxe5 $17) 15... Qc5 (15... Bxd4+ 16.
Kh1 Rac8 17. Bd5 Bd7 18. Bh6 Bg7 19. Bxg7 Kxg7 20. Rxb7 Rfd8 21. Qd4+ f6 22.
Qxa7 $16) 16. Qe2 (16. Be3 Qxc4 17. Rc1 Qa6 (17... Qxa2 18. fxg4 Rfd8 19. Qe2
$16) 18. fxg4 Rad8 $17) 16... Bc8 (16... Bxd4+ 17. Kh1 Bc8 18. Bd5 $44) 17.
Rfc1 Bxd4+ 18. Kh1 Qh5 19. Rb5 e5 20. Bd5 $44 {0-1 Birens,E-Ristic,N/Chartres
op 1990 (45)}) 12. Be3 Qa5+ 13. Bd2 Qa3 (13... Qd8 14. Be3 Qa5+ $11) 14. O-O
O-O 15. Rb1 Bg4 (15... Nxd4 $4 16. Bb4 Nxe2+ 17. Qxe2 Qa4 18. Bb5 $18) 16. f3
Bc8 17. Kh1 Nxd4 (17... Qd6) 18. Bb4 Qe3 19. Nxd4 (19. Bc5 $5 Rd8 20. Nxd4 Rxd4
(20... Bxd4 21. Rb3 $1 Be6 $1 22. Rxe3 Bxe3 23. Qb1 (23. Qb3 Bxc4 24. Qxc4 Rac8
25. Qb3 Bxc5 26. Qxb7 $16) 23... Bxc5 24. Bxe6 fxe6 25. Qxb7 $18) 21. Bxd4 Qxd4
(21... Bxd4 22. Rb3 $18) 22. Qxd4 Bxd4 23. Rfd1 e5 (23... Bb6 24. a4 $16) 24.
Bd5 $16) 19... Qxd4 20. Qxd4 Bxd4 21. Bxe7 Re8 22. Bh4 (22. Rfd1 Rxe7 23. Rxd4
Be6 (23... Kg7 24. Rd8 Rc7 25. Bb3 Kf6 26. Rbd1 h5 27. Kg1 $14) 24. Bxe6 fxe6
$14) 22... Be6 $2 (22... Bb6 23. Rfd1 h5 24. a4 Kf8 (24... Be6 25. Bxe6 Rxe6
26. Rd7 $16) 25. Bd5 $14) 23. Bxe6 $16 Rxe6 24. Rxb7 Rc8 25. Rd7 Rc4 26. Rd1
Rec6 (26... Bb6 $16) 27. Bg3 (27. Bg5 Bb6 28. Bh6 Rc8 29. g3 $16) 27... Bb2 28.
h4 (28. Rxa7 Rc1 29. Rad7 Rxd1+ 30. Rxd1 Ra6 31. Rd8+ Kg7 32. Rd2 $18) 28...
Rc1 29. Rxc1 Rxc1+ 30. Kh2 a5 31. h5 $5 (31. Ra7 Bc3 32. Rc7 h5 (32... a4 33.
Rc8+ Kg7 34. Rxc3 $18) 33. a4 Bd2 34. Rxc1 Bxc1 35. Be1 Bf4+ 36. g3 Bc7 37. Kg2
Kf8 38. Kf1 Ke7 39. Ke2 Kd7 40. Kd3 Kc6 41. Kc4 $18) 31... gxh5 32. Rd5 a4 {[#]
} 33. Rxh5 $2 $132 (33. Ra5 a3 34. Bd6 Ra1 35. Bxa3 Bc3 36. Ra8+ Kg7 37. f4 h4
38. Bd6 $18) 33... a3 $4 $18 (33... Ra1 34. Rg5+ (34. Bf4 Rxa2 $11) 34... Kh8
35. Rb5 a3 36. Bf4 Kg7 (36... Rxa2 $2 37. Bh6 $18) 37. Rb6 f6 (37... Rxa2 $4
38. Bh6+ Kg8 39. Rb8#) 38. Kh3 Rxa2 $132) 34. Ra5 Kg7 (34... Ra1 35. Ra8+ Kg7
36. Rxa3 $18) 35. Bd6 Rc2 36. Bxa3 Bc3 37. Rc5 f6 38. f4 1-0